| 000 | 01876nam a22002537a 4500 | ||
|---|---|---|---|
| 999 |
_c63198 _d63198 |
||
| 003 | Ge_BSU | ||
| 005 | 20250625152354.0 | ||
| 008 | 250625s2023 ge ||||| |||| 00| 0 geo d | ||
| 020 | _a9789941316517 | ||
| 041 | _ageo | ||
| 080 | _a51(075.3) მ-15 | ||
| 245 |
_aმათემატიკა : მე-2 კლასი : _bმოსწავლის წიგნი. ნაწ. 1 / _cგურამ გოგიშვილი, თეიმურაზ ვეფხვაძე, ია მებონია, ლამარა ქურჩიშვილი ; რედაქტორი თეიმურაზ ვეფხვაძე ; გარეკანის დიზაინერი გ. გოგიშვილი, ი. ხელაია; მხატვარი ნ. მიქაბერიძე. |
||
| 264 |
_aთბილისი : _bინტელექტი, _c2023. |
||
| 300 |
_a99 გვ.: _bილ.; _c28 სმ. |
||
| 500 | _aგრიფმინიჭებულია საქართველოს განათლებისა და მეცნიერების სამინისტროს მიერ 2023 წელს | ||
| 653 | _aმათემატიკა | ||
| 700 |
_aგოგიშვილი, გურამ _eავტორი, გარეკანის დიზაინერი _925520 |
||
| 700 |
_aვეფხვაძე, თეიმურაზ _eავტორი _925521 |
||
| 700 |
_a მებონია, ია _eავტორი _925522 |
||
| 700 |
_aქურჩიშვილი, ლამარა _eავტორი _925523 |
||
| 700 |
_aხელაია, ილია _eგარეკანის დიზაინერი _925524 |
||
| 700 |
_aმიქაბერიძე, ნანა _eმხატვარი _925525 |
||
| 942 |
_2udc _cᲬᲘᲒᲜᲘ |
||